| 000 | 00428nam a2200157Ia 4500 | ||
|---|---|---|---|
| 008 | 241217s9999||||xx |||||||||||||| ||und|| | ||
| 020 |
_a9780195854930 _c0 |
||
| 040 |
_beng _cSSK Library _erda |
||
| 082 | _a823/EST | ||
| 100 | _a Eleanor Estes | ||
| 245 | 4 | _aThe Lost Umbrella Of Kim Chu | |
| 260 |
_b Oxford University Press _c©1978 |
||
| 942 |
_2Dewey Decimal Classification _cBOOK _nNo |
||
| 999 |
_c26685 _d26685 |
||
| 003 | OSt | ||
| 005 | 20241217113031.0 | ||